000 00432nam a2200169Ia 4500
003 LK-CoDNM
008 010623t2010 xxu||||| |||| 00| 1 sin d
040 _aLK-CoDNM
_dLK-CoDNM
_eLK-CoDNM
041 _asin
080 _aX82.92 SIL
100 _aSilva,Gunasiri
_eed.
245 _aසිරා ලියූ වැකි
246 _aSira Liu Waki
260 _bAnagi Book
_aColombo
_c2010
300 _b152, 21 cm
942 _cBK
999 _c130525
_d130525